Theory and Practice of Export Control Balancing International Security and International Economic Relations /

This is the first book to focus on the theoretical and practical issues of export control. It combines the points of view of Japanese and French academics and practitioners, including personnel at several governmental institutions and private companies. Presenting the results of a collaboration betw...

Full description

Bibliographic Details
Corporate Author: SpringerLink (Online service)
Other Authors: Tamada, Dai (Editor), Achilleas, Philippe (Editor)
Format: Electronic eBook
Language:English
Published: Singapore : Springer Singapore : Imprint: Springer, 2017.
Series:SpringerBriefs in Economics,
Subjects:
Online Access:Full Text via HEAL-Link
LEADER 03081nam a22005055i 4500
001 978-981-10-5960-5
003 DE-He213
005 20180117021228.0
007 cr nn 008mamaa
008 171012s2017 si | s |||| 0|eng d
020 |a 9789811059605  |9 978-981-10-5960-5 
024 7 |a 10.1007/978-981-10-5960-5  |2 doi 
040 |d GrThAP 
050 4 |a KZ6440-6530 
050 4 |a KZ6350-6780 
072 7 |a LBBS  |2 bicssc 
072 7 |a LAW051000  |2 bisacsh 
082 0 4 |a 341.48  |2 23 
245 1 0 |a Theory and Practice of Export Control  |h [electronic resource] :  |b Balancing International Security and International Economic Relations /  |c edited by Dai Tamada, Philippe Achilleas. 
264 1 |a Singapore :  |b Springer Singapore :  |b Imprint: Springer,  |c 2017. 
300 |a VIII, 170 p. 1 illus. in color.  |b online resource. 
336 |a text  |b txt  |2 rdacontent 
337 |a computer  |b c  |2 rdamedia 
338 |a online resource  |b cr  |2 rdacarrier 
347 |a text file  |b PDF  |2 rda 
490 1 |a SpringerBriefs in Economics,  |x 2191-5504 
520 |a This is the first book to focus on the theoretical and practical issues of export control. It combines the points of view of Japanese and French academics and practitioners, including personnel at several governmental institutions and private companies. Presenting the results of a collaboration between Japanese and French academics, it contributes to the development of a new debate on export control. Although export control has been discussed within the framework of international law in terms of peace and security, its scope has now been expanded to international economic law (i.e., WTO law and international investment law). This means that in order to discuss export control appropriately, the two areas of law have to be combined. At the same time, this topic is not only academic and theoretical but touches upon very real and practical aspects of trade, export, and foreign investment. When we tighten embargos and economic sanctions for anti-terrorism or anti-nuclearization purposes, we encounter more and more cases of conflict between security and the liberalization of economic relations in the world. For this reason, a wide range of collaborative work is needed in this area. This timely book addresses various aspects of the current export control debate. . 
650 0 |a Law. 
650 0 |a Public finance. 
650 0 |a International humanitarian law. 
650 0 |a International law. 
650 0 |a Trade. 
650 1 4 |a Law. 
650 2 4 |a International Humanitarian Law, Law of Armed Conflict. 
650 2 4 |a International Economic Law, Trade Law. 
650 2 4 |a Financial Law/Fiscal Law. 
700 1 |a Tamada, Dai.  |e editor. 
700 1 |a Achilleas, Philippe.  |e editor. 
710 2 |a SpringerLink (Online service) 
773 0 |t Springer eBooks 
776 0 8 |i Printed edition:  |z 9789811059599 
830 0 |a SpringerBriefs in Economics,  |x 2191-5504 
856 4 0 |u http://dx.doi.org/10.1007/978-981-10-5960-5  |z Full Text via HEAL-Link 
912 |a ZDB-2-ECF 
950 |a Economics and Finance (Springer-41170)